000 00583nam a2200205Ia 4500
005 20250508162129.0
008 008 250505s9999 xx 000 0 eng d
020 _a0-306-31140-2
037 _aTextual
040 _aFEDL
_beng
_cFEDL
041 _aeng
_2eng
084 _a157.9, SIN
_qFEDL
100 _aSinger Jerome L.
245 0 _aPower of human imagination : New methods in psychotherapy
260 _aNew York, USA
_bPlenum Press
_c1978
300 _axx,405p.
650 _aAbnormal Psychology
942 _cTEXL
_h157.9, SIN
999 _c1374558
_d1374558